000 01182nac a22003011u 4500
999 _c6029
_d6029
003 EG-ScBUE
005 20210524103453.0
008 200219s1995 ii f 000 d eng d
040 _aEG-ScBUE
_beng
_erda
_cEG-ScBUE
_dEG-ScBUE
082 0 4 _a822.33
_bSHA
_222
100 1 _aShakespeare, William,‏
_d1564-1616,
_eauthor.
245 _aRichard II :
_bedited with a critical introduction, complete text with paeraphrase, critical and explanatory comments /
_cShakespeare ; Dr. Raghukul Tilak, Department of English, Meerut College and Anupam Gupta, M.A., Ph.D.
250 _aSixth edition.
264 1 _aNew Delhi :
_bRama Brothers,
_c1995.
300 _aviii, 399 pages ;
_c23 cm
336 _2rdacontent
_atext
_btxt
337 _2rdamedia
_aunmediated
_bn
338 _2rdacarrier
_avolume
_bnc
500 _adistributer: Al-Ahram
600 0 7 _aRichard
_bII,
_cKing of England,
_d1367-1400
_vDrama.
_2BUEsh
650 _2BUEsh
651 7 _aGreat Britain
_xHistory
_yRichard II, 1377-1399
_vDrama.
_2BUEsh
653 _bHHUUEENN
_cMay2021
655 _vReading book
_934232
700 1 _aTilak, Raghukul,
_eeditor.
700 1 _aGupta , Anupam,
_eeditor.
942 _cBB
_k822.33SHA
_2ddc